Quantitative methods for business decisions
Αποθηκεύτηκε σε:
| Κύριος συγγραφέας: | |
|---|---|
| Άλλοι συγγραφείς: | |
| Μορφή: | Βιβλίο |
| Γλώσσα: | English |
| Δημοσίευση: |
London : New York :
Chapman & Hall,
1991
|
| Έκδοση: | 3rd ed. |
| Θέματα: | |
| Ετικέτες: |
Προσθήκη ετικέτας
Δεν υπάρχουν, Καταχωρήστε ετικέτα πρώτοι!
|
MARC
| LEADER | 00000cam a2200000 i 4500 | ||
|---|---|---|---|
| 001 | 1/20570 | ||
| 008 | 930827s1991 eng d | ||
| 020 | |a 0412402408 | ||
| 035 | |l 10021571 | ||
| 040 | |a GR-MY-UA |b gre |e aacr | ||
| 041 | 0 | |a eng | |
| 082 | 0 | |a 519.5024568 |2 (20) | |
| 100 | 1 | |a Curwin, Jon. | |
| 245 | 1 | 0 | |a Quantitative methods for business decisions / |c Jon Curwin and Roger Slater |
| 250 | |a 3rd ed. | ||
| 260 | |a London : |a New York : |b Chapman & Hall, |c 1991 | ||
| 300 | |a xiv, 426 p.; |b ill.; |c 25 cm. ++ |e 1 computer disk (5 1/4 in.) | ||
| 500 | |a System requirements for computer disk: IBM PC, PS/2 or compatible; 256K RAM; PC/MS-DOS 2.0 or higher; at least 1 floppy disk drive | ||
| 500 | |a Computer disk contains Microstats by Mike Hart | ||
| 500 | |a Includes index | ||
| 650 | 0 | 0 | |a Business mathematics. |
| 650 | 0 | 0 | |a Statistics. |
| 700 | 1 | |a Slater, Roger. | |
| 852 | |a INST |b CHIOS |e 19930827 |h 519.5024658 CUR |p 005200004762 |q 005200004762 |t BK |y 0 | ||
| 909 | |a Χ |b 024094 | ||